Responses for Show #8866 - Monday, May 8, 2023

Hannah Wilson game 4.
Juveria Zaheer game 1.

Contestants

[<< previous game]

Juveria Zaheer, a psychiatrist from Whitby, Ontario, Canada

Sami Casanova, an actuary from New York, New York

Hannah Wilson, a data scientist from Chicago, Illinois (whose 3-day cash winnings total $90,601)

[next game >>]

Jeopardy! Round responses

SCANDAL!
POP MUSIC-PODGE
GONE FISHIN'
YEET!
CHILDREN'S LIT
CONSONANT CRAVING
    $200 1
diamonds

Hannah
    $200 26
Willie Nelson

Hannah
    $200 15
tuna

Hannah
    $200 28
Adam

Hannah
    $200 29
Paddington

Sami
    $200 30
a vacuum

Sami
    $400 2
the BBC

Sami
    $400 25
Kelly Clarkson

Juveria
    $400 16
a puffer fish

Juveria
    $400 27
AOL

Juveria
    $400 20
(Juveria: What are Moms?)

Mommies

Juveria
Triple Stumper
    $400 22
Voodoo

Juveria
    $600 6
overdraft

Hannah
    $600 24
Courtney Love

Juveria
    $600 17
(Juveria: What is Michigan?)

Utah

Juveria
Triple Stumper
    $600 10
HAL 9000

Hannah
    $600 18
the Great

Triple Stumper
    $600 3
a bassoon

Hannah
    $800 7
Berlusconi

Hannah
    $800 23
the Ramones

Juveria
    $800 19
herring

Sami
    $800 11
MacArthur

Juveria
    $800 14
Raggedy Ann

Triple Stumper
    $800 4
a toupee

Hannah
    $1000 8
the Whiskey Ring

Juveria
    $1000 9
Fiona Apple

Hannah
    $1000 21
Lake Nasser

Hannah
    $1000 12
(Juveria: What is... Vulcan?)

(Mayim corrects Sami’s pronunciation.)

Hephaestus

SamiJuveria
    $1,000 13
the Little Prince

Sami
    $1000 5
ulterior

Hannah

Scores at the first commercial break (after clue 15):

Hannah Sami Juveria
$5,800 $2,400 $800

Scores at the end of the Jeopardy! Round:

Hannah Sami Juveria
$7,200 $3,600 $2,800

Double Jeopardy! Round responses

"B" COOL
THE SOUTH PACIFIC
THE QUOTABLE ALEX
FUTILITY
AMERICAN WOMAN
WHAT KINDA TV PLACE YOU LIVE IN?
    $400 30
a boss

Sami
    $400 19
catamarans (canoes)

Juveria
    $400 28
Hamilton

Juveria
    $400 29
resistance

Juveria
    $400 26
(Harvard) Law (School)

Juveria
    $400 27
an apartment building

Juveria
    $800 16
buzz

Hannah
    $800 15
(the) Cook (Islands)

Juveria
    $800 18
(Alexander Graham) Bell

Hannah
    $800 9
the Northwest Passage

Sami
    $800 24
Estée Lauder

Juveria
    $800 25
prison

Sami
    $1200 5
bebop

Hannah
    $1200 13
New Caledonia

Juveria
    $1200 11
Dumas

Hannah
    $1200 2
Sisyphus

Hannah
    $1200 23
MacKenzie

Hannah
    $1200 1
in a van

Hannah
    $1600 6
(Juveria: Uh, what are... sorry, don't know.)

beatniks

Juveria
Triple Stumper
    $1600 12
Bora Bora

Juveria
    $1600 10
(Juveria: Who is "sol-iz-NIT-chun"?)
(Sami: Who is "sol-iz-NIT-syn"?)
(Hannah: Who is "solt-za-NIT-chun"?)
...
(Mayim: This is a tricky one to pronounce.)

Solzhenitsyn

HannahSamiJuveria
Triple Stumper
    $4,000 3
Gallipoli

Hannah
    $7,000 20
Barrymore

Juveria
    $1600 22
a trailer

Triple Stumper
    $2000 7
Bogart

Juveria
    $2000 14
Fiji

Juveria
    $2000 17
Calder

Hannah
    $2000 4
the philosopher's stone

Triple Stumper
    $2000 21
Leontyne Price

Triple Stumper
    $2000 8
(Hannah: What is a spaceship?)
(Mayim: More specific.)

a space station

Hannah

Scores at the end of the Double Jeopardy! Round:

Hannah Sami Juveria
$21,200 $4,000 $17,000

[wagering suggestions for these scores]

Final Jeopardy! Round responses

NUMERICAL BOOK TITLES
SamiWhat is this was fun
$3,998
JuveriaWhat is seventh heaven?
$17,000
HannahWhat is A Thousand Splendid Suns?
$13,000
A Thousand Splendid Suns

Final scores:

Hannah Sami Juveria
$34,200 $2 $0
4-day champion: $124,801 2nd place: $2,000 3rd place: $1,000

Game dynamics:

Coryat scores:

Hannah Sami Juveria
$18,800 $4,000 $11,600
22 R
(including 1 DD),
1 W
9 R
(including 1 DD),
1 W
20 R
(including 1 DD),
5 W

Combined Coryat: $34,400

[game clues] [game scores] [suggest correction]

Game tape date: 2023-02-28
The J! Archive is created by fans, for fans. Scraping, republication, monetization, and malicious use prohibited; this site may use cookies and collect identifying information. See terms. The Jeopardy! game show and all elements thereof, including but not limited to copyright and trademark thereto, are the property of Jeopardy Productions, Inc. and are protected under law. This website is not affiliated with, sponsored by, or operated by Jeopardy Productions, Inc. Join the discussion at JBoard.tv.